Welcome to the Holygrace Academy Library

Please use search bar below to get started

JACK AND BEANSTALK (Record no. 9113)

MARC details
000 -LEADER
fixed length control field 00297nam a22001337a 4500
082 ## - DEWEY DECIMAL CLASSIFICATION NUMBER
Classification number 823
Item number SUD/J
100 ## - MAIN ENTRY--AUTHOR NAME
Personal name SUDIP
245 ## - TITLE STATEMENT
Title JACK AND BEANSTALK
246 ## - VARYING FORM OF TITLE
Title proper/short title JACK AND BEANSTALK
Remainder of title JACK AND BEANSTALK
260 ## - PUBLICATION, DISTRIBUTION, ETC. (IMPRINT)
Place of publication THRISSUR
Name of publisher H& C
Year of publication 2022
300 ## - PHYSICAL DESCRIPTION
Number of Pages 48
650 ## - SUBJECT ADDED ENTRY--TOPICAL TERM
Topical Term ENGLISH STORY
942 ## - ADDED ENTRY ELEMENTS (KOHA)
Koha item type Books
Holdings
Withdrawn status Lost status Collection code Home library Current library Date acquired Source of acquisition Cost, normal purchase price Full call number Accession Number Koha item type
    ENGLISH FICTION Main Library Main Library 18/06/2025 COTRIBUTION 30.00 823 SUD/J 13822 Books